| 000 | 01557nam a2200349 c 4500 | ||
|---|---|---|---|
| 003 | BLK | ||
| 005 | 20250726120900.0 | ||
| 008 | 180411b bul|||||r ||||||| ||bul|| | ||
| 010 | _aKNG00213865000 | ||
| 020 |
_a978-954-26-1747-1 _bиздат.: Хермес |
||
| 040 | _aBLK | ||
| 041 |
_aBUL _cBUL |
||
| 072 | 7 |
_2bullib _aН83 _xЧужда художествена литература Н |
|
| 080 |
_aПортугалска литература _b821.134.3 _x-31 _z821.134.3-31 |
||
| 100 | 1 |
_aСантуш, Жозе Родригеш душ _eпърви автор _9266382 |
|
| 700 | 1 |
_aМиланова, Дарина Бойкова _eпрев. от португ. _9382214 |
|
| 139 |
_aСантуш, Жозе Родригеш душ _bС 18 |
||
| 245 | 1 | 0 |
_aМилионерът в Лисабон _bРоман _cЖозе Родригеш душ Сантуш; прев. от португ. Дарина Бойкова Миланова. |
| 257 | _aPG | ||
| 260 |
_аПловдив _bХермес _c2017 _fСофия : Алианс принт |
||
| 300 |
_a480 с. _c21 см |
||
| 380 | _aX | ||
| 500 | _aОриг. загл. Um milionario em Lisboa / Jose Rodrigues dos Santos. Продълж. на романа Мъжът от Константинопол. | ||
| 653 | _aромани | ||
| 659 | _aН | ||
| 852 | _aЦб 287893 | ||
| 856 | 4 |
_qpdf _u |
|
| 856 | 4 |
_qpdf _u |
|
| 942 |
_cKNG _n0 _089 |
||
| 944 |
_aCR _c30.10.2017 _lМартин Енчев _k30575 |
||
| 944 |
_aED _c07.11.2017 _lф / _kЛюдмила_Стоянова |
||
| 999 |
_c204308 _d204308 |
||